Bandiere del mondo in bianco e nero - Quiz n°11 - Statistics

Statistiche generali
  • Questo quiz è stato fatto 18 volte
  • Il punteggio medio è 13 su 16
Statistiche sulle risposte
con Immagini Risposta % Corretto
Cipro
100%
Giappone
100%
Regno Unito
100%
Ghana
94%
Seychelles
94%
Angola
88%
Barbados
88%
Cambogia
88%
Corea del Nord
88%
Costa Rica
88%
Palau
88%
Eritrea
82%
Suriname
82%
Lituania
65%
Guinea
47%
Paesi Bassi
35%
Nessun quiz corrispondente trovato
Distribuzione punteggi
Percentuale di utenti per punteggio
Percentile per numero di risposta
I tuoi punteggi nel tempo
Non hai fatto questo quiz